<?xml version="1.0" encoding="UTF-8"?><?xml-stylesheet type="text/xsl" href="static/style.xsl"?><OAI-PMH xmlns="http://www.openarchives.org/OAI/2.0/" xmlns:xsi="http://www.w3.org/2001/XMLSchema-instance" xsi:schemaLocation="http://www.openarchives.org/OAI/2.0/ http://www.openarchives.org/OAI/2.0/OAI-PMH.xsd"><responseDate>2026-04-26T22:01:40Z</responseDate><request verb="GetRecord" identifier="oai:uvadoc.uva.es:10324/65449" metadataPrefix="marc">https://uvadoc.uva.es/oai/request</request><GetRecord><record><header><identifier>oai:uvadoc.uva.es:10324/65449</identifier><datestamp>2024-01-31T20:01:27Z</datestamp><setSpec>com_10324_1175</setSpec><setSpec>com_10324_931</setSpec><setSpec>com_10324_894</setSpec><setSpec>col_10324_1955</setSpec></header><metadata><record xmlns="http://www.loc.gov/MARC21/slim" xmlns:doc="http://www.lyncode.com/xoai" xmlns:xsi="http://www.w3.org/2001/XMLSchema-instance" xmlns:dcterms="http://purl.org/dc/terms/" xsi:schemaLocation="http://www.loc.gov/MARC21/slim http://www.loc.gov/standards/marcxml/schema/MARC21slim.xsd">
<leader>00925njm 22002777a 4500</leader>
<datafield tag="042" ind1=" " ind2=" ">
<subfield code="a">dc</subfield>
</datafield>
<datafield tag="720" ind1=" " ind2=" ">
<subfield code="a">Blasco Pascual, Francisco Javier</subfield>
<subfield code="e">author</subfield>
</datafield>
<datafield tag="720" ind1=" " ind2=" ">
<subfield code="a">Ruiz Urbon, Cristina</subfield>
<subfield code="e">author</subfield>
</datafield>
<datafield tag="260" ind1=" " ind2=" ">
<subfield code="c">2022</subfield>
</datafield>
<datafield tag="520" ind1=" " ind2=" ">
<subfield code="a">La estilometría es una herramienta de cuantificación estadística capaz de establecer una relación directa entre el estilo de escritura de los textos y los datos contenidos en dichos textos, con el objetivo de profundizar en su análisis e interpretación. Este libro muestra, a través de ejemplos tomados de diferentes sectores (literario, político, periodístico, etc.), las técnicas estilométricas más punteras para conocer la autoría de un texto, su curva emocional o su fecha de redacción, así como los retos de futuro a los que debe enfrentarse esta disciplina.&#xd;
En la era de la Inteligencia Artificial y el Big Data, la estilometría se ha erigido como una de las herramientas más prometedoras de la filología moderna, al ser capaz de leer (o, mejor dicho, de procesar) millones de textos en cuestión de segundos. Esta lectura distante e informática no pretende desplazar a la lectura íntima y personal, sino enriquecerla con nuevas perspectivas.</subfield>
</datafield>
<datafield tag="024" ind2=" " ind1="8">
<subfield code="a">Francisco Javier Blasco Pascual y Cristina Ruiz Urbón, Análisis de textos desde la estilometría, Ediciones Universidad de Salamanca, 2022, 216 págs.</subfield>
</datafield>
<datafield tag="024" ind2=" " ind1="8">
<subfield code="a">978-84-1311-763-8</subfield>
</datafield>
<datafield tag="024" ind2=" " ind1="8">
<subfield code="a">https://uvadoc.uva.es/handle/10324/65449</subfield>
</datafield>
<datafield tag="245" ind1="0" ind2="0">
<subfield code="a">Análisis de textos desde la estilometría</subfield>
</datafield>
</record></metadata></record></GetRecord></OAI-PMH>